00448nam a2200145Ia 4500008004100000020001800041082001400059100002000073245002900093260000900122500001800131942000700149952013100156999001500287260604s9999 xx 000 0 und d a9781412974516 a001.4 SUL aSULLIVAN935122 0aART PRACTICE AS RESEARCH bSAGE aResearch, Art cBK 00104070aIIMVbIIMVcLOCKERd2026-06-04g16378.50l0o001.4 SULp003499r2026-06-04 10:18:05v16378.50w2026-06-04yBKBSUL c7881d7881